000 00354 a2200121 4500
005 20250620132751.0
082 _aLM 347 NAL
245 _aGeneral Law British.
260 _aLondon,
_bMabledon Place,
_c1978.
300 _a129p.: ill.; figure
_c31cm.
610 _tDTS General Law and Constitutional Background
_aNALGO Correspondence Institute
942 _2ddc
_cBKS
999 _c272
_d272